| 000 | 00588nam a2200193Ia 4500 | ||
|---|---|---|---|
| 003 | OSt | ||
| 005 | 20260428092211.0 | ||
| 008 | 240219s9999||||xx |||||||||||||| ||und|| | ||
| 020 | _a9780195736984 | ||
| 040 | _aKenya National Library Service | ||
| 082 | _a828.9966762 WAI | ||
| 100 | _aWaithaka, Waihenya | ||
| 245 | 4 |
_aThe Vendor / _cWaithaka Waihenya. |
|
| 300 |
_a[4],164 pages ; _c18 cm |
||
| 650 | _aEnglish literature. | ||
| 942 |
_cBK _2ddc _h828.9966762 WAI |
||
| 999 |
_c267889 _d267889 |
||